<?xml version="1.0" encoding="UTF-8"?>
<record
    xmlns:xsi="http://www.w3.org/2001/XMLSchema-instance"
    xsi:schemaLocation="http://www.loc.gov/MARC21/slim http://www.loc.gov/standards/marcxml/schema/MARC21slim.xsd"
    xmlns="http://www.loc.gov/MARC21/slim">

  <leader>00632nam a22001937a 4500</leader>
  <datafield tag="999" ind1=" " ind2=" ">
    <subfield code="c">169830</subfield>
    <subfield code="d">169830</subfield>
  </datafield>
  <controlfield tag="005">20191216111931.0</controlfield>
  <datafield tag="010" ind1=" " ind2=" ">
    <subfield code="a">A-564437</subfield>
  </datafield>
  <datafield tag="020" ind1=" " ind2=" ">
    <subfield code="c">400.00</subfield>
  </datafield>
  <datafield tag="035" ind1=" " ind2=" ">
    <subfield code="a">A-564437</subfield>
  </datafield>
  <datafield tag="037" ind1=" " ind2=" ">
    <subfield code="b">BPPD/Pub.</subfield>
  </datafield>
  <datafield tag="082" ind1=" " ind2=" ">
    <subfield code="a">800.9</subfield>
  </datafield>
  <datafield tag="100" ind1=" " ind2=" ">
    <subfield code="a">&#x648;&#x6C1;&#x627;&#x628; &#x627;&#x634;&#x631;&#x641;&#x6CC; </subfield>
  </datafield>
  <datafield tag="245" ind1=" " ind2=" ">
    <subfield code="a">&#x62A;&#x627;&#x631;&#x6CC;&#x62E; &#x627;&#x62F;&#x628;&#x6CC;&#x627;&#x62A; &#x639;&#x627;&#x644;&#x645; (&#x62C;&#x644;&#x62F; &#x627;&#x648;&#x644;) /  </subfield>
    <subfield code="c">&#x648;&#x6C1;&#x627;&#x628; &#x627;&#x634;&#x631;&#x641;&#x6CC; </subfield>
  </datafield>
  <datafield tag="246" ind1=" " ind2=" ">
    <subfield code="a">Tareekh-e-Adbyat Alam vol.1 (Urdu) /</subfield>
    <subfield code="b">by Wahab Ashrafi</subfield>
  </datafield>
  <datafield tag="260" ind1=" " ind2=" ">
    <subfield code="a">Delhi </subfield>
    <subfield code="b">Educational Publishing House</subfield>
    <subfield code="c">1992</subfield>
  </datafield>
  <datafield tag="270" ind1=" " ind2=" ">
    <subfield code="b">Delhi</subfield>
    <subfield code="e">110006</subfield>
    <subfield code="a">3108 Gali Wakeel, Kucha Pandit, Lal Kuan</subfield>
  </datafield>
  <datafield tag="300" ind1=" " ind2=" ">
    <subfield code="a">456p.:</subfield>
    <subfield code="c">21cm(Hb)</subfield>
  </datafield>
  <datafield tag="942" ind1=" " ind2=" ">
    <subfield code="2">ddc</subfield>
    <subfield code="c">UR</subfield>
    <subfield code="h">800.9</subfield>
    <subfield code="m">&#x648; &#x6BE; &#x627;</subfield>
  </datafield>
  <datafield tag="952" ind1=" " ind2=" ">
    <subfield code="0">0</subfield>
    <subfield code="1">0</subfield>
    <subfield code="4">0</subfield>
    <subfield code="7">-1</subfield>
    <subfield code="8">NFIC</subfield>
    <subfield code="a">L</subfield>
    <subfield code="b">L</subfield>
    <subfield code="d">2019-12-05</subfield>
    <subfield code="e">BPPD/Ven.</subfield>
    <subfield code="g">400.00</subfield>
    <subfield code="l">0</subfield>
    <subfield code="o">800.9 &#x648; &#x6BE; &#x627;</subfield>
    <subfield code="p">A-564437</subfield>
    <subfield code="r">2019-12-05 00:00:00</subfield>
    <subfield code="t">1</subfield>
    <subfield code="v">400.00</subfield>
    <subfield code="w">2019-12-05</subfield>
    <subfield code="y">UR</subfield>
  </datafield>
</record>
